000 00582nam a2200193Ii 4500
003 JO-AjNU
008 230605s9999||||xx |||||||||||||| ||und||
040 _aJO-AjNU
_bara
_erda
_cJO-AjNU
041 _aara
050 1 4 _aPJ7828.K5.S52 1900
100 3 _aتأليف الحكيم،توفيق,
_eauthor
_917360
245 0 0 _aشمس النهار
264 3 1 _aالقاهرة:مكتبة الآداب،1900
300 _a176ص
336 _atext
_btxt
_2rdacontent
337 _aunmediated
_bn
_2rdamedia
338 _avolume
_bnc
_2rdacarrier
650 4 _aالأدب العربي
_917361
999 _aA5345
_c8913
_d8913